Most Common Words on the New York Times Daily Crossword - Statistics

General Stats
  • This quiz has been taken 54 times
  • The average score is 9 of 20
Answer Stats
Letters Hint Word % Correct
3 Time in history Era
86%
4 Genesis garden Eden
78%
3 ___ Baba Ali
76%
3 "You ___ Here" Are
71%
4 ____ Vera Aloe
67%
3 Ginger ___ Ale
59%
4 Neighborhood Area
51%
3 Wrath Ire
51%
4 Toledo's lake Erie
47%
3 Inventor Whitney Eli
45%
3 Mine find Ore
41%
3 Hubbub Ado
37%
3 Mess up Err
37%
3 ___ Miss Ole
33%
3 Poetic preposition Ere
27%
3 Hook shape Ess
27%
3 Fraternity letter Eta
20%
3 Together One
18%
3 Chemical suffix Ene
14%
3 Had Ate
8%
No matching quizzes found
Score Distribution
Percent of People with Each Score
Percentile by Number Answered
Your Score History
You have not taken this quiz